Clinical Obstetrics and Gynaecology. (Record no. 7957)

MARC details
000 -LEADER
fixed length control field 00586nam a22002177a 4500
003 - CONTROL NUMBER IDENTIFIER
control field OSt
005 - DATE AND TIME OF LATEST TRANSACTION
control field 20220809123311.0
008 - FIXED-LENGTH DATA ELEMENTS--GENERAL INFORMATION
fixed length control field 220809b ||||| |||| 00| 0 eng d
020 ## - INTERNATIONAL STANDARD BOOK NUMBER
International Standard Book Number 9780702074042
040 ## - CATALOGING SOURCE
Transcribing agency NLM
082 ## - DEWEY DECIMAL CLASSIFICATION NUMBER
Classification number WP100
Item number M276c 2019
100 ## - MAIN ENTRY--PERSONAL NAME
Personal name Magowan, Brian A; Philip Owen
9 (RLIN) 16162
245 ## - TITLE STATEMENT
Title Clinical Obstetrics and Gynaecology.
250 ## - EDITION STATEMENT
Edition statement 4th ed.
260 ## - PUBLICATION, DISTRIBUTION, ETC. (IMPRINT)
Place of publication, distribution, etc. US:
Name of publisher, distributor, etc. Elsevier;
Date of publication, distribution, etc. 2019
300 ## - PHYSICAL DESCRIPTION
Extent vii,404p.:
Other physical details ill;
Dimensions 27cm
504 ## - BIBLIOGRAPHY, ETC. NOTE
Bibliography, etc Includes Index.
650 ## - SUBJECT ADDED ENTRY--TOPICAL TERM
Topical term or geographic name as entry element Clinical Obstetrics.
9 (RLIN) 16105
650 ## - SUBJECT ADDED ENTRY--TOPICAL TERM
Topical term or geographic name as entry element Clinical Gynaecology.
9 (RLIN) 16163
942 ## - ADDED ENTRY ELEMENTS (KOHA)
Source of classification or shelving scheme Other/Generic Classification Scheme
Koha item type Book
Holdings
Withdrawn status Lost status Source of classification or shelving scheme Damaged status Not for loan Home library Current library Date acquired Source of acquisition Inventory number Total Checkouts Full call number Barcode Date last seen Price effective from Koha item type
    Other/Generic Classification Scheme     MUST Main Library MUST Main Library 09/08/2022 Purchase 22/41909   WP100 M276c 2019 2022-0784 09/08/2022 09/08/2022 Book
    Other/Generic Classification Scheme     MUST Main Library MUST Main Library 09/08/2022 Purchase 22/41908   WP100 M276c 2019 2022-0785 09/08/2022 09/08/2022 Book